Salto a las estrellas / (Registro nro. 14382)
[ vista simple ]
| 000 -LIDER | |
|---|---|
| fixed length control field | 00790nam a2200253 a 4500 |
| 001 - NÚMERO DE CONTROL | |
| Identificador de número de control | 000028683 |
| 003 - IDENTIFICACDOR DE NÚMERO DE CONTROL | |
| control field | DO-SdBNP |
| 005 - DATE AND TIME OF LATEST TRANSACTION | |
| control field | 20240119104618.0 |
| 008 - ELEMENTOS DE LONGITUD FIJA | |
| fixed length control field | 110411s2016 dr a 000 p spa d |
| 020 ## - ISBN | |
| International Standard Book Number | 9789945193619 |
| 040 ## - FUENTE DE CATALOGACIÓN | |
| Agencia que crea de manera original el registro | DO-SdBNP |
| Idioma de catalogación | spa |
| Agencia que realiza la transcripción | BPMSU |
| 082 #4 - NÚMERO DE CLASIFICACIÓN DECIMAL DE DEWEY | |
| Classification number | RD863.44 |
| Item number | N576s 2016 |
| Edition number | 22 |
| 100 1# - ASIENTO PRINCIPAL -- NOMBRE PERSONAL | |
| Nombre personal | Ng, Leibi |
| Forma completa del nombre | (Ng, Leiby) |
| 245 10 - MENCIÓN DE TITULO | |
| Título | Salto a las estrellas / |
| Mención de responsabilidad | Leibi Ng ; ilustraciones Guillermo Pèrez |
| Subtítulo | |
| 260 ## - PUBLICACIÓN, DISTRIBUCIÓN, ETC. (PIE DE IMPRENTA) | |
| Lugar de publicación, distribución, etc | Santo Domingo : |
| Nombre del editor, distribuidor, etc. | Editorial Santillana, |
| Fecha de publicación, distribución, etc | 2016 |
| 300 ## - DESCRIPCIÓN FÍSICA | |
| Extensión | 34 p. : |
| Otros detalles físicos | ils. ; |
| Dimensiones | 20 cm. |
| 490 0# - MENCIÓN DE SERIES | |
| Mención de serie | LoQueleo |
| 590 ## - NOTA LOCAL | |
| Enlace | Inventariado, 2023/VM |
| 650 #4 - ENCABEZAMIENTO DE MATERIA--TEMÁTICO | |
| Término temático o nombre geográfico como elemento de entrada | Cuentos infantiles dominicanos |
| 650 #4 - ENCABEZAMIENTO DE MATERIA--TEMÁTICO | |
| Término temático o nombre geográfico como elemento de entrada | Literatura infantil dominicana |
| 700 1# - ASIENTO SECUNDARIO -- NOMBRE PERSONAL | |
| Nombre personal | Pérez, Guillermo |
| Mención de responsabilidad | ilustraciones |
| 910 ## - VALIDACIÓN | |
| Validación | VMateo V. Control de calidad (BPMSU) |
| 942 ## - ADDED ENTRY ELEMENTS (KOHA) | |
| Source of classification or shelving scheme | Dewey Decimal Classification |
| Koha item type | Libros |
| Withdrawn status | Lost status | Source of classification or shelving scheme | Damaged status | Not for loan | Collection code | Home library | Current library | Date acquired | Total Checkouts | Full call number | Barcode | Date last seen | Price effective from | Koha item type | Copy number |
|---|---|---|---|---|---|---|---|---|---|---|---|---|---|---|---|
| Dewey Decimal Classification | Colección Infantil Dominicana | Biblioteca Pública Metropolitana Salomé Ureña | Biblioteca Pública Metropolitana Salomé Ureña | 04/25/2023 | BPMSU CDI RD863.44 N576s 2016 | BPMSU23040009 | 04/25/2023 | 04/25/2023 | Libros | ||||||
| Dewey Decimal Classification | Colección Infantil Dominicana | Biblioteca Pública Metropolitana Salomé Ureña | Biblioteca Pública Metropolitana Salomé Ureña | 04/25/2023 | BPMSU CDI RD863.44 N576s 2016 | BPMSU24010030 | 01/19/2024 | 04/25/2023 | Libros | e.2 | |||||
| Dewey Decimal Classification | Colección Infantil Dominicana | Biblioteca Pública Metropolitana Salomé Ureña | Biblioteca Pública Metropolitana Salomé Ureña | 04/25/2023 | BPMSU CDI RD863.44 N576s 2016 | BPMSU24010031 | 01/19/2024 | 04/25/2023 | Libros | e.3 |